| 000 | 00811nam a2200241Ia 4500 | ||
|---|---|---|---|
| 003 | OSt | ||
| 005 | 20220925202227.0 | ||
| 006 | a|||||r|||| 00| 0 | ||
| 007 | ta | ||
| 008 | 220923b |||||||| |||| 00| 0 eng d | ||
| 020 |
_a8182743687 _c1100.75 |
||
| 037 |
_b09-00471, 30/04/2009, Atlantic Publisher & Distributers _cGeneral Book |
||
| 040 |
_aRTL _cRTL _beng |
||
| 041 |
_2eng _aeng |
||
| 082 | _aU2870aG:55, P9 | ||
| 100 |
_aVerma Sawalia Bihari etc. Ed. _9263431 |
||
| 245 | 0 | _aEnvironment and climate change | |
| 260 |
_aDelhi _bPentagon Press _c2009 |
||
| 300 |
_axviii, 340p. _ccm. |
||
| 650 |
_aENVIRONMENT _922 |
||
| 942 |
_hU2870aG:55, P9 _cGB _2CC |
||
| 999 |
_c542770 _d542770 |
||